000 00266nam a22001217a 4500
008 171031b xxu||||| |||| 00| 0 eng d
041 _aeng
080 _213 ED
_a33
100 _a58
101 _aBUS
245 _aINTERNATIONAL BUSINESS
_cBALL.G
942 _2udc
_cBK
999 _c36806
_d36806